000 02260 a2200289 4500
001 24901
005 20260407155531.0
008 260407a2012 arg spa d
003 AR-UNSa-BCEJYS
040 _aAR-UNSa-BCEJYS
_bspa
_cAR-UNSa-BCEJYS
080 _a658.8
_xOrganización de mercados. Marketing. Ventas. Distribución
245 1 0 _aMarketing
020 _a978-607-32-1420-9
250 _a14a. ed.
264 1 _aMéxico :
_bPearson Educación
_c2012
300 _axxvi, 613 p.
_c27 cm.
505 _a1, Marketing. Creación y captación de valor del cliente - 2. Empresa y estrategia de marketing. Asociaciones para establecer relaciones con el cliente - 3. Análisis del entorno de marketing - 4. Administración de la información de marketing para conocer a los clientes - 5. Administración de la información de marketing para conocer a los clientes - 6. Mercados de negocios y comportamiento de compras de negocios - 7. Estrategia de marketing impulsada por el cliente: creación de valor para los clientes meta - 8. Productos, servicios y marcas. Creación de valor para el cliente - 9. Desarrollo de nuevos productos y estrategias del ciclo de vida de los productos - 10. Comprensión de la fijación de precios y obtención del valor del cliente - 11. Estrategias de fijación de precios - 12. Canales de marketing: transferencia de valor para el cliente - 13. Venta al menudeo y al mayoreo - 14. Comunicación de valor para el cliente: estrategia de comunicación de marketing integrada - 15. Publicidad y relaciones públicas - 16. Ventas personales y promoción de ventas - 17: Marketing directo y marketing en línea: establecimiento de relaciones directas con los clientes - 18. Creación de una ventaja competitiva - 19. El mercado global - 20. Marketing sustentable: ética y responsabilidad social
942 _cBK
590 _aniveau_biblio:m niveau_hierar:0
100 1 _aKotler, Philip
700 1 _aArmstrong, Gary
700 1 _aPineda Ayala, Leticia Esther
700 1 _aMerino, María Isabel
700 1 _aAscanio Rivera, María de la Luz Eloísa
700 1 _aEspinosa Reyna, José Habvi de Jesús
856 4 1 _uhttps://biblioeco.unsa.edu.ar/pmb/images/libros/Marketing (2012).jpg
_yImagen de portada
_qimage/jpeg
999 _c1231
_d1231